000
00259nam a2200097Ia 4500
082
_a
NR:62:628.31 RUB
_b
TM 11
245
0
_a
Treatment of effluents from rubber processing factories
260
_a
Kottayam
_b
Rubber Training Institute
300
_a
53p.
942
_c
BK
999
_c
44803
_d
44803